The story of Castroville : its people, founder and traditions /

Bibliographic Details
Main Author: Lawler, Ruth Curry
Format: Book
Language:English
Published: ©1974
Subjects:

MARC

Tag First Indicator Second Indicator Subfields
LEADER 00000cam a2200000 a 4500
001 in00000754757
005 20151016090646.0
008 840531s1974 xx ac 00010 eng d
035 |a (OCoLC)10790610 
035 |9 ADH3521AM 
040 |a VFL  |c VFL  |d TXA  |d UtOrBLW 
043 |a n-us-tx 
049 |a TXAM  |c [A12645368] 
050 4 |a F394.C28  |b L3 1974 
100 1 |a Lawler, Ruth Curry. 
245 1 4 |a The story of Castroville :  |b its people, founder and traditions /  |c by Ruth Curry Lawler. 
264 3 |a [Place of publication not identified] :  |b Printed by LaCoste Ledger,  |c [1974] 
264 4 |c ©1974 
300 |a 64 pages :  |b illustrations, portraits ;  |c 23 cm. 
336 |a text  |b txt  |2 rdacontent 
337 |a unmediated  |b n  |2 rdamedia 
338 |a volume  |b nc  |2 rdacarrier 
651 0 |a Castroville (Tex.)  |x History. 
999 |a MARS 
999 f f |s c654ec69-48e8-36ef-90bf-84586b7934f1  |i 5f86a794-ef49-3cd6-926c-2ff425c4c6ed  |t 0 
952 f f |p normal  |a Texas A&M University  |b College Station  |c Sterling C. Evans Library  |d Evans: Library Stacks  |t 0  |e F394.C28 L3 1974  |h Library of Congress classification  |i unmediated -- volume  |m A14812645368 
998 f f |a F394.C28 L3 1974  |t 0  |l Evans: Library Stacks